[Event "Wch Senior 50+"]
[Site "Bled SLO"]
[Date "2018.11.18"]
[Round "1.13"]
[White "Theuer, Carsten"]
[Black "Porper, Edward"]
[Result "0-1"]
[WhiteElo "1989"]
[BlackElo "2377"]
[PlyCount "46"]
[EventDate "2018.11.18"]
[EventType "swiss"]
[EventRounds "11"]
[EventCountry "SLO"]
[Source "ChessMix"]
[SourceDate "2018.12.01"]

1. e4 d6 2. d4 Nf6 3. Nc3 e5 4. dxe5 dxe5 5. Qxd8+ Kxd8 6. a3 Be6 7. Nf3 Bd6 8.
Bg5 Nbd7 9. O-O-O Kc8 10. h3 a6 11. Be2 b5 12. b4 Ne8 13. Be3 f6 14. Ne1 c6 15.
Nd3 g6 16. g4 a5 17. Kb2 Bc4 18. bxa5 Rxa5 19. Nb4 Bxe2 20. Nxe2 Kc7 21. Rd2
Be7 22. Rhd1 Nd6 23. Kb3 Rha8 0-1

[Event "Wch Senior 50+"]
[Site "Bled SLO"]
[Date "2018.11.19"]
[Round "2.11"]
[White "Porper, Edward"]
[Black "Chapman, Terence"]
[Result "1-0"]
[WhiteElo "2377"]
[BlackElo "2172"]
[PlyCount "95"]
[EventDate "2018.11.18"]
[EventType "swiss"]
[EventRounds "11"]
[EventCountry "SLO"]
[Source "ChessMix"]
[SourceDate "2018.12.01"]

1. d4 d6 2. Nf3 g6 3. c4 Bg7 4. e4 Bg4 5. Be2 Nc6 6. Nbd2 e5 7. d5 Nce7 8. Qb3
b6 9. Nxe5 Bxe2 10. Qa4+ c6 11. Nxc6 Qd7 12. Kxe2 Rc8 13. Re1 Nxc6 14. dxc6
Qxc6 15. Qxc6+ Rxc6 16. Rb1 Ne7 17. b3 Kd7 18. Bb2 Bxb2 19. Rxb2 f5 20. Kf1 Rf8
21. Nf3 Rc5 22. Rd2 fxe4 23. Rxe4 Nc6 24. Ne1 Re5 25. Rxe5 Nxe5 26. Nc2 g5 27.
Nd4 a6 28. Ne2 g4 29. Nc3 Kc6 30. Ne4 Rd8 31. Ke2 b5 32. cxb5+ axb5 33. Ke3 Ng6
34. Nf6 h5 35. Rc2+ Kb7 36. Ke4 Nh4 37. Nxh5 Nxg2 38. Kf5 Ne1 39. Re2 Nf3 40.
Kxg4 Nxh2+ 41. Kg3 Rg8+ 42. Kxh2 Rh8 43. Rc2 Rxh5+ 44. Kg3 Kb6 45. f4 d5 46.
Kg4 Rh1 47. f5 Rf1 48. b4 1-0

[Event "Wch Senior 50+"]
[Site "Bled SLO"]
[Date "2018.11.20"]
[Round "3.2"]
[White "Movsziszian, Karen"]
[Black "Porper, Edward"]
[Result "1/2-1/2"]
[WhiteElo "2513"]
[BlackElo "2377"]
[PlyCount "46"]
[EventDate "2018.11.18"]
[EventType "swiss"]
[EventRounds "11"]
[EventCountry "SLO"]
[Source "ChessMix"]
[SourceDate "2018.12.01"]

1. g3 d5 2. Nf3 c6 3. Bg2 Nf6 4. O-O Bg4 5. b3 Nbd7 6. Bb2 e6 7. d3 Bc5 8. Nbd2
Qe7 9. a3 e5 10. e4 O-O 11. b4 Bb6 12. c4 dxe4 13. dxe4 Bd4 14. Bxd4 exd4 15.
h3 Bxf3 16. Nxf3 c5 17. bxc5 Nxc5 18. Nxd4 Rfd8 19. Nf5 Qe5 20. Qc2 Nfxe4 21.
Bxe4 Qxe4 22. Qxe4 Nxe4 23. Rfe1 Nd2 1/2-1/2

[Event "Wch Senior 50+"]
[Site "Bled SLO"]
[Date "2018.11.21"]
[Round "4.7"]
[White "Porper, Edward"]
[Black "Petran, Peter"]
[Result "1-0"]
[WhiteElo "2377"]
[BlackElo "2256"]
[PlyCount "131"]
[EventDate "2018.11.18"]
[EventType "swiss"]
[EventRounds "11"]
[EventCountry "SLO"]
[Source "ChessMix"]
[SourceDate "2018.12.01"]

1. d4 g6 2. c4 f5 3. g3 Bg7 4. Nf3 d6 5. Bg2 c6 6. Nc3 Nh6 7. O-O O-O 8. e4 Na6
9. Re1 fxe4 10. Nxe4 Bg4 11. Neg5 Nc7 12. h3 Bd7 13. g4 Nf7 14. d5 Nxg5 15.
Bxg5 Bf6 16. Bh6 Re8 17. Nd4 c5 18. Ne6 Bxe6 19. dxe6 Bg7 20. Bxg7 Kxg7 21. b4
cxb4 22. Bxb7 Rb8 23. Qd4+ Kg8 24. Qxa7 Rf8 25. Bg2 Ne8 26. c5 dxc5 27. Qxc5
Nd6 28. Rad1 Qb6 29. Qxb6 Rxb6 30. Rd4 Kg7 31. Bd5 g5 32. Kg2 h6 33. Rb1 Rfb8
34. Kg3 Rb5 35. f3 R5b6 36. Rc1 Rc8 37. Rxc8 Nxc8 38. Bb3 Nd6 39. f4 Kf6 40. h4
Nb7 41. hxg5+ hxg5 42. fxg5+ Kxg5 43. Rd5+ Kg6 44. Kf4 Nd6 45. Rg5+ Kh7 46. Rc5
Rb7 47. g5 Kg7 48. Rc6 Nb5 49. Rc8 Nd4 50. Rd8 Nxb3 51. axb3 Rb6 52. Re8 Rxe6
53. Rb8 Re1 54. Rxb4 Rf1+ 55. Ke4 Re1+ 56. Kd5 e6+ 57. Kd6 Kg6 58. Rb5 Re3 59.
b4 Re4 60. Rb8 Kxg5 61. b5 Kf6 62. Rf8+ Kg7 63. Rf3 Rb4 64. Kc5 Rb1 65. Rf4 e5
66. Rb4 1-0

[Event "Wch Senior 50+"]
[Site "Bled SLO"]
[Date "2018.11.23"]
[Round "6.9"]
[White "Porper, Edward"]
[Black "Mannion, Stephen"]
[Result "1/2-1/2"]
[WhiteElo "2377"]
[BlackElo "2286"]
[PlyCount "50"]
[EventDate "2018.11.18"]
[EventType "swiss"]
[EventRounds "11"]
[EventCountry "SLO"]
[Source "ChessMix"]
[SourceDate "2018.12.01"]

1. Nf3 d5 2. g3 Nf6 3. Bg2 c6 4. O-O Bf5 5. c4 e6 6. cxd5 exd5 7. d3 h6 8. Qb3
Qb6 9. Qc2 Be7 10. Nc3 O-O 11. e4 Bh7 12. Qe2 Re8 13. e5 Nfd7 14. d4 Nf8 15.
Be3 Ne6 16. Qd2 Nd7 17. Bh3 Rad8 18. Rac1 Be4 19. Nxe4 dxe4 20. d5 Ndc5 21. d6
exf3 22. Bxe6 Bg5 23. Bxg5 hxg5 24. Bg4 Rxe5 25. Bxf3 Ne6 1/2-1/2

[Event "Wch Senior 50+"]
[Site "Bled SLO"]
[Date "2018.11.26"]
[Round "8.8"]
[White "Porper, Edward"]
[Black "Plotkin, Victor"]
[Result "1-0"]
[WhiteElo "2377"]
[BlackElo "2307"]
[PlyCount "85"]
[EventDate "2018.11.18"]
[EventType "swiss"]
[EventRounds "11"]
[EventCountry "SLO"]
[Source "ChessMix"]
[SourceDate "2018.12.01"]

1. d4 Nf6 2. c4 e6 3. Nf3 d5 4. Nc3 c6 5. Bg5 Nbd7 6. e3 Qa5 7. Nd2 dxc4 8.
Bxf6 Nxf6 9. Nxc4 Qc7 10. Be2 Be7 11. a3 O-O 12. O-O b6 13. b4 Bb7 14. Bf3 Rac8
15. Qb3 Nd5 16. Ne4 f5 17. Ned2 c5 18. dxc5 bxc5 19. b5 g5 20. g3 Kg7 21. a4 h5
22. a5 h4 23. b6 axb6 24. axb6 Qb8 25. Ra7 Rf7 26. Na5 Bf6 27. Nxb7 Rxb7 28.
Bxd5 exd5 29. Qxd5 Rxa7 30. bxa7 Qxa7 31. Qxf5 Rc6 32. Ne4 Qe7 33. Rd1 Re6 34.
Nxf6 Qxf6 35. Rd7+ Re7 36. Qxf6+ Kxf6 37. Rxe7 Kxe7 38. gxh4 gxh4 39. Kf1 h3
40. e4 Kd6 41. f4 c4 42. Ke2 Kc5 43. e5 1-0

[Event "Wch Senior 50+"]
[Site "Bled SLO"]
[Date "2018.11.27"]
[Round "9.3"]
[White "Kalegin, Evgenij"]
[Black "Porper, Edward"]
[Result "1-0"]
[WhiteElo "2413"]
[BlackElo "2377"]
[PlyCount "49"]
[EventDate "2018.11.18"]
[EventType "swiss"]
[EventRounds "11"]
[EventCountry "SLO"]
[Source "ChessMix"]
[SourceDate "2018.12.01"]

1. e4 g6 2. d4 Bg7 3. Nf3 d6 4. Nc3 a6 5. a4 b6 6. g3 e6 7. Bg2 Bb7 8. O-O Ne7
9. Bf4 Nd7 10. Qd2 h6 11. h4 Nf6 12. Rfe1 Qd7 13. e5 dxe5 14. Nxe5 Qc8 15. d5
exd5 16. Re2 d4 17. Nc6 Bxc6 18. Bxc6+ Kf8 19. Rxe7 Kxe7 20. Qxd4 Kf8 21. Be5
Nh5 22. Bxg7+ Nxg7 23. Nd5 Qd8 24. Qb4+ Kg8 25. Bxa8 1-0

[Event "Wch Senior 50+"]
[Site "Bled SLO"]
[Date "2018.11.28"]
[Round "10.6"]
[White "Porper, Edward"]
[Black "Soffer, Ram"]
[Result "0-1"]
[WhiteElo "2377"]
[BlackElo "2472"]
[PlyCount "86"]
[EventDate "2018.11.18"]
[EventType "swiss"]
[EventRounds "11"]
[EventCountry "SLO"]
[Source "ChessMix"]
[SourceDate "2018.12.01"]

1. d4 Nf6 2. c4 e6 3. Nf3 d5 4. Nc3 dxc4 5. e3 a6 6. a4 c5 7. Bxc4 Nc6 8. O-O
Qc7 9. Qe2 Bd6 10. Rd1 O-O 11. h3 b6 12. d5 exd5 13. Nxd5 Nxd5 14. Bxd5 Bb7 15.
b3 Rad8 16. Bb2 Nd4 17. Nxd4 Bxd5 18. Nf5 Be5 19. f4 Bxb2 20. Qxb2 f6 21. Qc3
Be6 22. Ng3 Rxd1+ 23. Rxd1 Rd8 24. Rxd8+ Qxd8 25. a5 bxa5 26. Qxc5 Bxb3 27. Nf5
a4 28. Qa7 Qf8 29. Qxa6 a3 30. Nd4 Bd5 31. Nb5 a2 32. Nc3 Qc5 33. Nxd5 Qxd5 34.
Kh2 Kf7 35. e4 Qd2 36. Qa7+ Kg6 37. f5+ Kh5 38. Qa3 Qe2 39. Kg3 Qe1+ 40. Kh2
a1=Q 41. Qf3+ Kh6 42. Qf4+ g5 43. fxg6+ Kg7 0-1

[Event "Wch Senior 50+"]
[Site "Bled SLO"]
[Date "2018.11.29"]
[Round "11.11"]
[White "Stentebjerg Hansen, Per"]
[Black "Porper, Edward"]
[Result "0-1"]
[WhiteElo "2219"]
[BlackElo "2377"]
[PlyCount "44"]
[EventDate "2018.11.18"]
[EventType "swiss"]
[EventRounds "11"]
[EventCountry "SLO"]
[Source "ChessMix"]
[SourceDate "2018.12.01"]

1. d4 Nf6 2. Nc3 d5 3. Bg5 c6 4. e3 Nbd7 5. Nf3 Qa5 6. Nd2 g6 7. Be2 Bg7 8. Bf4
O-O 9. h4 h5 10. Kf1 Re8 11. e4 Nxe4 12. Nb3 Nxc3 13. bxc3 Qd8 14. g4 hxg4 15.
h5 e5 16. dxe5 g5 17. h6 Bxe5 18. h7+ Kh8 19. Be3 g3 20. Nd4 gxf2 21. Qd2 Nf6
22. Bxg5 Ne4 0-1

[Event "Edmonton int."]
[Site "Edmonton CAN"]
[Date "2017.06.20"]
[Round "1"]
[White "Frialde, Arniel"]
[Black "Porper, Edward"]
[Result "0-1"]
[WhiteElo "2213"]
[BlackElo "2468"]
[PlyCount "84"]
[EventDate "2017.06.20"]
[EventType "swiss"]
[EventRounds "9"]
[EventCountry "CAN"]

1. Nf3 Nf6 2. d4 e6 3. g3 d5 4. c4 Bb4+ 5. Nbd2 O-O 6. Bg2 Nc6 7. Qc2 dxc4 8.
Qxc4 Qd5 9. O-O Bxd2 10. Qxd5 exd5 11. Bxd2 Bg4 12. Be3 Rfe8 13. Rac1 Rac8 14.
Rfe1 h6 15. h3 Bf5 16. g4 Be4 17. g5 hxg5 18. Nxg5 Bxg2 19. Kxg2 Ne4 20. Nf3
Re6 21. Kh2 f6 22. Rg1 Kf7 23. Rg2 Ne7 24. Rcg1 g5 25. Bc1 Nf5 26. e3 Rh8 27.
Nd2 Nh4 28. Nxe4 dxe4 29. Rg3 Nf3+ 30. Rxf3 exf3 31. Kg3 f5 32. Kxf3 Rxh3+ 33.
Ke2 g4 34. Bd2 Rh2 35. Rg3 Re4 36. Rg1 Ke6 37. a4 Kd5 38. b3 Re7 39. Rc1 g3 40.
Kd3 gxf2 41. Bb4 Rg7 42. Rc5+ Ke6 0-1

[Event "Edmonton int."]
[Site "Edmonton CAN"]
[Date "2017.06.21"]
[Round "2"]
[White "Porper, Edward"]
[Black "Haessel, Dale"]
[Result "1-0"]
[WhiteElo "2468"]
[BlackElo "2316"]
[PlyCount "79"]
[EventDate "2017.06.20"]
[EventType "swiss"]
[EventRounds "9"]
[EventCountry "CAN"]

1. d4 Nf6 2. c4 g6 3. Nf3 Bg7 4. e3 O-O 5. Be2 c5 6. d5 e6 7. Nc3 exd5 8. cxd5
d6 9. O-O Re8 10. Nd2 a6 11. a4 Nbd7 12. e4 Rb8 13. f4 h5 14. a5 b5 15. axb6
Nxb6 16. h3 Qc7 17. Bf3 c4 18. Na4 Bh6 19. Nxb6 Rxb6 20. Ra4 Qc5+ 21. Kh1 Rb4
22. Rxb4 Qxb4 23. Qc2 Bxf4 24. Nxc4 Bxc1 25. Rxc1 Bd7 26. Qc3 Qxc3 27. bxc3
Nxe4 28. Bxe4 Rxe4 29. Nxd6 Re5 30. c4 Kf8 31. Rd1 Ke7 32. c5 Re2 33. Nb7 Rc2
34. c6 Bxc6 35. dxc6 Rxc6 36. Kg1 Rc7 37. Na5 Rc5 38. Nb3 Rb5 39. Nd4 Ra5 40.
Nc6+ 1-0

[Event "Edmonton int."]
[Site "Edmonton CAN"]
[Date "2017.06.21"]
[Round "3"]
[White "Porper, Edward"]
[Black "Shabalov, Alexander"]
[Result "0-1"]
[WhiteElo "2468"]
[BlackElo "2567"]
[PlyCount "56"]
[EventDate "2017.06.20"]
[EventType "swiss"]
[EventRounds "9"]
[EventCountry "CAN"]

1. d4 e6 2. c4 b6 3. a3 f5 4. Nc3 Nf6 5. Nf3 Ba6 6. b3 c6 7. d5 cxd5 8. cxd5
Bd6 9. Bb2 O-O 10. e3 Bxf1 11. Kxf1 Qe7 12. Qd3 e5 13. Qxf5 Na6 14. b4 e4 15.
Nd2 Rae8 16. Ke2 Be5 17. Rhc1 g6 18. Qg5 Qf7 19. Qh4 Nxd5 20. Nd1 Bxb2 21. Nxb2
Nac7 22. Nd1 Qf5 23. Nb3 Ne6 24. Ra2 a5 25. bxa5 Ndf4+ 26. exf4 Qb5+ 27. Kd2
Qxb3 28. Nc3 Nxf4 0-1

[Event "Edmonton int."]
[Site "Edmonton CAN"]
[Date "2017.06.22"]
[Round "4"]
[White "Bitan, Banerjee"]
[Black "Porper, Edward"]
[Result "1/2-1/2"]
[WhiteElo "2456"]
[BlackElo "2468"]
[PlyCount "63"]
[EventDate "2017.06.20"]
[EventType "swiss"]
[EventRounds "9"]
[EventCountry "CAN"]

1. d4 Nf6 2. c4 e6 3. Nc3 Bb4 4. e3 O-O 5. Nge2 Re8 6. a3 Bf8 7. Ng3 d5 8. Be2
b6 9. cxd5 exd5 10. b4 a6 11. O-O Bb7 12. Qb3 c6 13. Bd2 b5 14. Bf3 Nbd7 15. e4
Nb6 16. e5 Nfd7 17. Nce2 Nc4 18. Bc3 f6 19. exf6 Nxf6 20. Nf4 Bc8 21. Qd1 Bd6
22. Nd3 Ra7 23. a4 Rae7 24. axb5 axb5 25. Re1 Rxe1+ 26. Bxe1 Ne4 27. Bg4 Nxg3
28. hxg3 Re4 29. Bf3 Re7 30. Bg4 Re4 31. Bf3 Re7 32. Bg4 1/2-1/2

[Event "Edmonton int."]
[Site "Edmonton CAN"]
[Date "2017.06.22"]
[Round "5"]
[White "Porper, Edward"]
[Black "Gardner, Robert"]
[Result "1/2-1/2"]
[WhiteElo "2468"]
[BlackElo "2271"]
[PlyCount "79"]
[EventDate "2017.06.20"]
[EventType "swiss"]
[EventRounds "9"]
[EventCountry "CAN"]

1. d4 Nf6 2. c4 e6 3. Nf3 d5 4. Nc3 Be7 5. Bf4 O-O 6. e3 c5 7. dxc5 Bxc5 8.
cxd5 Nxd5 9. Nxd5 exd5 10. a3 Bf5 11. Bd3 Qf6 12. Bxf5 Qxf5 13. O-O Nc6 14. Qb3
Bb6 15. Qb5 Qe4 16. Nd2 Qe6 17. a4 d4 18. e4 Na5 19. b4 a6 20. Qd3 Nc6 21. Rab1
Ne5 22. Bxe5 Qxe5 23. a5 Ba7 24. b5 axb5 25. Rxb5 Qc7 26. Nf3 Rfd8 27. e5 h6
28. Qb3 Rab8 29. e6 fxe6 30. Qxe6+ Qf7 31. Qe4 d3 32. g3 d2 33. Rd1 Re8 34. Qd5
Re1+ 35. Rxe1 dxe1=Q+ 36. Nxe1 Bxf2+ 37. Kf1 Qxd5 38. Rxd5 Rf8 39. Ke2 b6 40.
Nf3 1/2-1/2

[Event "Edmonton int."]
[Site "Edmonton CAN"]
[Date "2017.06.23"]
[Round "6"]
[White "Reeve, Jeff"]
[Black "Porper, Edward"]
[Result "0-1"]
[WhiteElo "2295"]
[BlackElo "2468"]
[PlyCount "66"]
[EventDate "2017.06.20"]
[EventType "swiss"]
[EventRounds "9"]
[EventCountry "CAN"]

1. e4 e6 2. d4 d5 3. Bd3 c5 4. exd5 Qxd5 5. Nc3 Qxd4 6. Nb5 Qd8 7. Bf4 Na6 8.
Qe2 Nf6 9. O-O-O Qb6 10. Nf3 Nd5 11. Bg3 Be7 12. h4 h6 13. Be5 Bd7 14. a4 Nab4
15. Bc4 a6 16. Nc3 Nf6 17. g4 O-O-O 18. g5 Ne8 19. Bf4 hxg5 20. hxg5 Rxh1 21.
Rxh1 Bd6 22. Be5 Bc6 23. Re1 Bxf3 24. Qxf3 Bxe5 25. Rxe5 Nc6 26. Re1 Nd6 27.
Bf1 Nd4 28. Qg4 Qb4 29. Qg2 N4f5 30. g6 Nh4 31. Qh3 Nxg6 32. Kb1 Nf4 33. Qf3
Nd5 0-1

[Event "Edmonton int."]
[Site "Edmonton CAN"]
[Date "2017.06.24"]
[Round "7"]
[White "Porper, Edward"]
[Black "Ng, Gary"]
[Result "1/2-1/2"]
[WhiteElo "2468"]
[BlackElo "2339"]
[PlyCount "90"]
[EventDate "2017.06.20"]
[EventType "swiss"]
[EventRounds "9"]
[EventCountry "CAN"]

1. d4 Nf6 2. c4 e6 3. Nf3 b6 4. Nc3 Bb4 5. Qb3 c5 6. Bg5 h6 7. Bh4 g5 8. Bg3
Ne4 9. e3 Bb7 10. Rd1 O-O 11. a3 cxd4 12. axb4 dxc3 13. bxc3 Nxg3 14. hxg3 Qf6
15. Be2 Rd8 16. O-O Nc6 17. Rd2 d6 18. Rfd1 Qe7 19. Nd4 d5 20. cxd5 Nxd4 21.
Rxd4 Bxd5 22. c4 Bb7 23. Qd3 Rxd4 24. Qxd4 e5 25. Qd7 Qxd7 26. Rxd7 Be4 27. b5
a5 28. bxa6 Rxa6 29. Bh5 Ra1+ 30. Kh2 Bg6 31. Bxg6 fxg6 32. Re7 Rc1 33. Rxe5
Rxc4 34. Re6 Kf7 35. Rxb6 Rc2 36. f3 g4 37. fxg4 Re2 38. Rb3 Kf6 39. Kg1 Kg5
40. Kf1 Ra2 41. Rb4 Rc2 42. Rf4 Ra2 43. e4 Ra1+ 44. Kf2 Ra2+ 45. Kf1 Ra1+
1/2-1/2

[Event "Edmonton int."]
[Site "Edmonton CAN"]
[Date "2017.06.24"]
[Round "8"]
[White "Sevillano, Enrico"]
[Black "Porper, Edward"]
[Result "1-0"]
[WhiteElo "2556"]
[BlackElo "2468"]
[PlyCount "65"]
[EventDate "2017.06.20"]
[EventType "swiss"]
[EventRounds "9"]
[EventCountry "CAN"]

1. e4 e6 2. d4 d5 3. Nc3 Bb4 4. e5 c5 5. a3 Bxc3+ 6. bxc3 Qa5 7. Bd2 Qa4 8. Nf3
b6 9. h4 Ba6 10. h5 Ne7 11. h6 gxh6 12. Bxh6 Nd7 13. Bg5 Ng6 14. Bd3 Rc8 15.
Qd2 Bxd3 16. cxd3 cxd4 17. cxd4 Rc2 18. Rc1 Rxc1+ 19. Qxc1 Ne7 20. Bxe7 Kxe7
21. Qg5+ Ke8 22. O-O h6 23. Qg7 Rf8 24. Rc1 Kd8 25. Qxh6 Qxa3 26. Qg5+ f6 27.
exf6 Nxf6 28. Ne5 a5 29. g3 a4 30. Rc6 Qa1+ 31. Kg2 Qxd4 32. Rxe6 Kc8 33. Qg7
1-0

[Event "Edmonton int."]
[Site "Edmonton CAN"]
[Date "2017.06.25"]
[Round "9"]
[White "Porper, Edward"]
[Black "Arruebarrena, Rafael"]
[Result "1/2-1/2"]
[WhiteElo "2468"]
[BlackElo "2323"]
[PlyCount "40"]
[EventDate "2017.06.20"]
[EventType "swiss"]
[EventRounds "9"]
[EventCountry "CAN"]

1. d4 Nf6 2. c4 e6 3. Nf3 d5 4. Nc3 Be7 5. Bf4 O-O 6. e3 c5 7. dxc5 Bxc5 8. a3
Nc6 9. cxd5 exd5 10. Bd3 Bg4 11. O-O d4 12. Ne4 Nxe4 13. Bxe4 dxe3 14. fxe3
Qxd1 15. Raxd1 Rfe8 16. Bd5 Bxe3+ 17. Bxe3 Rxe3 18. Bxf7+ Kxf7 19. Ne5+ Kg8 20.
Nxg4 Re7 1/2-1/2

[Event "Australian op"]
[Site "Brisbane AUS"]
[Date "2017.01.08"]
[Round "7.7"]
[White "Hu, Jason"]
[Black "Porper, Edward"]
[Result "1-0"]
[WhiteElo "2181"]
[BlackElo "2411"]
[PlyCount "77"]
[EventDate "2017.01.02"]
[EventType "swiss"]
[EventRounds "11"]
[EventCountry "AUS"]
[Source "Chess Mix"]

1. d4 Nf6 2. Nf3 e6 3. g3 c5 4. Bg2 cxd4 5. Nxd4 d5 6. O-O Be7 7. c4 O-O 8. Qc2
Nc6 9. Nxc6 bxc6 10. Rd1 Qb6 11. b3 Ba6 12. Nd2 Rad8 13. Bb2 d4 14. Ne4 c5 15.
Nxf6+ Bxf6 16. Rab1 Bb7 17. Bxb7 Qxb7 18. Ba3 Qc6 19. b4 cxb4 20. Rxb4 Rfe8 21.
c5 e5 22. Rc4 e4 23. Qa4 Qe6 24. c6 e3 25. f3 h5 26. c7 Rc8 27. Qc6 Qxc6 28.
Rxc6 Be5 29. Rdc1 Re6 30. Rxe6 fxe6 31. f4 Bxc7 32. Kf1 Kh7 33. Bd6 Rb8 34.
Bxc7 Rb2 35. Rd1 Rd2 36. Ke1 Rxa2 37. Be5 Kg6 38. Bxd4 Ra3 39. Rd3 1-0

[Event "Australian op"]
[Site "Brisbane AUS"]
[Date "2017.01.10"]
[Round "9.8"]
[White "Stojic, Dusan"]
[Black "Porper, Edward"]
[Result "1-0"]
[WhiteElo "2252"]
[BlackElo "2411"]
[PlyCount "82"]
[EventDate "2017.01.02"]
[EventType "swiss"]
[EventRounds "11"]
[EventCountry "AUS"]
[Source "Chess Mix"]

1. e4 e5 2. Nf3 d6 3. d4 exd4 4. Nxd4 Nf6 5. Nc3 Be7 6. g3 O-O 7. Bg2 Re8 8.
O-O Bf8 9. h3 c6 10. Re1 g6 11. Bf4 Nbd7 12. Qd2 Ne5 13. Rad1 Nh5 14. Bg5 f6
15. Bh4 Nf7 16. Nde2 g5 17. g4 gxh4 18. gxh5 Re5 19. f4 Rxh5 20. Bf3 Rh6 21.
Kh2 Rg6 22. Rg1 Bh6 23. Bh5 Rxg1 24. Rxg1+ Kf8 25. Nd4 Qa5 26. Bg4 Qe5 27. Nde2
Qe7 28. Nd4 Ne5 29. Bxc8 Rxc8 30. Qf2 Ng6 31. f5 Nf4 32. Qxh4 Bg5 33. Qg3 Ke8
34. h4 Bh6 35. Rf1 Kd7 36. Rxf4 Bxf4 37. Qxf4 Rg8 38. Ne6 Qf7 39. Qf3 h5 40.
Ne2 Rg4 41. Kh3 Ke8 1-0

[Event "Alberta Closed"]
[Site "Calgary CAN"]
[Date "2015.04.03"]
[Round "1.2"]
[White "Porper, Edward"]
[Black "Ng, Gary"]
[Result "1-0"]
[WhiteElo "2492"]
[BlackElo "2320"]
[PlyCount "69"]
[EventDate "2015.04.03"]
[EventType "tourn"]
[EventRounds "5"]
[EventCountry "CAN"]

1. c4 c6 2. d4 d5 3. Nf3 Nf6 4. Nc3 a6 5. e3 Bf5 6. Qb3 b5 7. cxd5 cxd5 8. a4
b4 9. Qxb4 Nc6 10. Qc5 Na5 11. Qa3 e6 12. b4 Nc6 13. Na2 Qb8 14. Bd2 Ne4 15.
Qc1 Qb6 16. b5 Nxd2 17. Nxd2 Na7 18. Qb2 axb5 19. axb5 Be7 20. Nc3 O-O 21. Be2
Nc6 22. O-O Nb4 23. Na4 Qd6 24. Nc5 Nc2 25. Rac1 Na3 26. Rc3 Nc4 27. Bxc4 dxc4
28. Nxc4 Qd8 29. b6 Rb8 30. Qb5 Qd5 31. Ne5 Bd6 32. Ned7 Be4 33. f3 Qh5 34. h3
Bf5 35. Ne4 1-0

[Event "Alberta Closed"]
[Site "Calgary CAN"]
[Date "2015.04.04"]
[Round "2.3"]
[White "Yam, Alex"]
[Black "Porper, Edward"]
[Result "1-0"]
[WhiteElo "2367"]
[BlackElo "2492"]
[PlyCount "75"]
[EventDate "2015.04.03"]
[EventType "tourn"]
[EventRounds "5"]
[EventCountry "CAN"]

1. e4 e5 2. Nc3 Nf6 3. f4 d5 4. fxe5 Nxe4 5. Nf3 Nc6 6. d3 Nxc3 7. bxc3 d4 8.
Bb2 dxc3 9. Bxc3 Qd5 10. Be2 Bc5 11. d4 Bb6 12. O-O O-O 13. Kh1 Bg4 14. Bb2
Rad8 15. c4 Qe4 16. Bd3 Qe3 17. Qb3 Qh6 18. c5 Ba5 19. d5 Nb4 20. Bc4 Na6 21.
Bd4 Qf4 22. Rad1 Nb8 23. e6 Rc8 24. e7 Rfe8 25. Be5 Qe4 26. d6 Bh5 27. Qd3 Qxd3
28. Rxd3 cxd6 29. Bxd6 Nc6 30. Ng5 Nxe7 31. Rh3 Bg6 32. Nxf7 h5 33. Bxe7 Rxe7
34. Nd6+ Kh7 35. Nxc8 Rc7 36. Nd6 Rxc5 37. Bd3 Rc7 38. Rxh5+ 1-0

[Event "Alberta Closed"]
[Site "Calgary CAN"]
[Date "2015.04.04"]
[Round "3.1"]
[White "Porper, Edward"]
[Black "Arruebarrena, Rafael"]
[Result "1/2-1/2"]
[WhiteElo "2492"]
[BlackElo "2334"]
[PlyCount "98"]
[EventDate "2015.04.03"]
[EventType "tourn"]
[EventRounds "5"]
[EventCountry "CAN"]

1. d4 Nf6 2. c4 g6 3. Nc3 d5 4. e3 Bg7 5. cxd5 Nxd5 6. Nxd5 Qxd5 7. Ne2 O-O 8.
Nc3 Qd8 9. Be2 c6 10. O-O e5 11. dxe5 Bxe5 12. e4 Qe7 13. Qc2 Nd7 14. Be3 Re8
15. Rad1 Bg7 16. Bd4 Nb6 17. Bxg7 Kxg7 18. Rd4 Be6 19. Rfd1 Qg5 20. b3 Rad8 21.
Qd3 Rd7 22. Rxd7 Nxd7 23. Qd4+ Qf6 24. f4 Qxd4+ 25. Rxd4 Nb6 26. Bf3 f6 27. Kf2
Kf7 28. Ke3 Ke7 29. h4 h6 30. Rd1 a5 31. g4 Bf7 32. Be2 Ra8 33. Rb1 g5 34. h5
gxf4+ 35. Kxf4 Be6 36. Bc4 Rd8 37. Bxe6 Kxe6 38. Rd1 Rxd1 39. Nxd1 a4 40. Ne3
c5 41. Nf5 axb3 42. axb3 c4 43. bxc4 Nxc4 44. Nxh6 b5 45. Nf5 b4 46. Nd4+ Kf7
47. g5 fxg5+ 48. Kxg5 Kg7 49. Nb3 Nd6 1/2-1/2

[Event "Alberta Closed"]
[Site "Calgary CAN"]
[Date "2015.04.05"]
[Round "4.3"]
[White "Porper, Edward"]
[Black "Kazmaier, Daniel"]
[Result "1/2-1/2"]
[WhiteElo "2492"]
[BlackElo "2312"]
[PlyCount "84"]
[EventDate "2015.04.03"]
[EventType "tourn"]
[EventRounds "5"]
[EventCountry "CAN"]

1. d4 Nf6 2. c4 g6 3. Nc3 d5 4. Nf3 Bg7 5. Bg5 c6 6. e3 O-O 7. Qb3 dxc4 8. Bxc4
b5 9. Be2 Be6 10. Qd1 Nbd7 11. O-O h6 12. Bf4 g5 13. Bg3 Nh5 14. Be5 f6 15. d5
Bf7 16. Nd4 Nxe5 17. Bxh5 Bxd5 18. f4 Nc4 19. Nf5 e6 20. Nxg7 Kxg7 21. e4 Qb6+
22. Rf2 Rad8 23. exd5 cxd5 24. Qd3 f5 25. Ne2 d4 26. Ng3 Qd6 27. b3 Ne3 28.
fxg5 hxg5 29. Qxb5 g4 30. Rc1 d3 31. Rd2 e5 32. Qa4 Qd4 33. Rc7+ Kh6 34. Rc6+
Kg5 35. Rg6+ Kh4 36. Qxd4 Rxd4 37. Rh6 Kg5 38. Rg6+ Kh4 39. Rh6 f4 40. Be8+ Kg5
41. Rg6+ Kh4 42. Rh6+ Kg5 1/2-1/2

[Event "Edmonton-ch"]
[Site "Edmonton CAN"]
[Date "2015.01.08"]
[Round "1.1"]
[White "Porper, Edward"]
[Black "Kohestani, Rauf"]
[Result "1-0"]
[WhiteElo "2502"]
[BlackElo "1850"]
[PlyCount "59"]
[EventDate "2015.01.08"]
[EventType "k.o."]
[EventCountry "CAN"]

1. d4 Nf6 2. c4 g6 3. Nc3 Bg7 4. e4 d6 5. Nf3 O-O 6. Be2 c5 7. d5 Na6 8. O-O
Re8 9. Bf4 Nh5 10. Be3 Bd7 11. Ne1 Bxc3 12. bxc3 Nf6 13. Bd3 Ng4 14. Bg5 h6 15.
Bd2 Kg7 16. f4 h5 17. h3 Nf6 18. e5 Ng8 19. f5 dxe5 20. fxg6 fxg6 21. Nf3 Qc7
22. Bxg6 Rf8 23. Qc2 Nf6 24. Rae1 e4 25. Bxe4 Nxe4 26. Qxe4 Bf5 27. Qxe7+ Kh8
28. Qxc7 Nxc7 29. Re7 Ne8 30. Nh4 1-0

[Event "Edmonton-ch"]
[Site "Edmonton CAN"]
[Date "2015.01.15"]
[Round "1.2"]
[White "Kohestani, Rauf"]
[Black "Porper, Edward"]
[Result "0-1"]
[WhiteElo "1850"]
[BlackElo "2502"]
[PlyCount "58"]
[EventDate "2015.01.08"]
[EventType "k.o."]
[EventCountry "CAN"]

1. d4 Nf6 2. c4 e6 3. Nc3 Bb4 4. e3 O-O 5. a3 Bxc3+ 6. bxc3 b6 7. Qf3 Nc6 8. e4
Ne8 9. Bd3 e5 10. Be3 Ba6 11. Qe2 d6 12. f4 Nf6 13. g4 Re8 14. fxe5 dxe5 15. d5
Na5 16. g5 Nd7 17. Nf3 Qe7 18. Nd2 Nc5 19. Bc2 Rac8 20. h4 c6 21. h5 cxd5 22.
exd5 e4 23. Qg4 Nd3+ 24. Ke2 Nxc4 25. Nxc4 Rxc4 26. Kd2 Qe5 27. Bd4 Rxd4 28.
cxd4 Qxd4 29. Bxd3 e3+ 0-1

[Event "Edmonton-ch"]
[Site "Edmonton CAN"]
[Date "2015.01.22"]
[Round "2.1"]
[White "Cheng, Louis"]
[Black "Porper, Edward"]
[Result "0-1"]
[WhiteElo "2131"]
[BlackElo "2502"]
[PlyCount "50"]
[EventDate "2015.01.08"]
[EventType "k.o."]
[EventCountry "CAN"]

1. d4 Nf6 2. c4 e6 3. Nc3 Bb4 4. Nf3 b6 5. g3 Ba6 6. Qa4 c5 7. Ne5 Bb7 8. Rg1
Ne4 9. Qb3 a5 10. a3 a4 11. Qc2 Ba5 12. Bg2 cxd4 13. Bxe4 dxc3 14. Kf1 Bxe4 15.
Qxe4 Na6 16. Be3 cxb2 17. Rb1 O-O 18. Rxb2 Qc7 19. Rb5 Rac8 20. c5 Nxc5 21.
Bxc5 bxc5 22. Nxd7 Qxd7 23. Rxa5 c4 24. Kg2 Rfd8 25. Rc1 Qd2 0-1